000 00228 a2200097 4500
001 32117
100 _aDeb, Kalyanmoy
245 _aOptimization for Engineering Design
260 _aNew Delhi
_bPHI
_c1995
090 _c21562
_d21562
942 _aNUST-CAE
_cM
_c12850
999 _c267190
_d267190